000 00299nam a22001337a 4500
008 190305b xxu||||| |||| 00| 0 eng d
020 _a9780827372368
041 _aeng
080 _22nd
_a510
100 _a38
101 _aMAT
245 _aTechnical Mathematics
_cPeterson, J.C
942 _2udc
_cBK
999 _c54485
_d54485